Phương án nguyên tắc bồi thường, hỗ trợ và tái định cư : Dự án: xây dựng trường đại học Y-Dược Cần Thơ

Giới thiệu những văn bản, quy định về phương án, nguyên tắc bồi thường, hỗ trợ và tái định cư. Định mức giá bồi thường các loại tài sản cho việc xây dựng trường Đại học Y-Dược Cần Thơ....

Täydet tiedot

Tallennettuna:
Bibliografiset tiedot
Yhteisötekijä: Trung tâm Phát triển quỹ đất thành phố Cần Thơ
Aineistotyyppi: Kirja
Kieli:Undetermined
Julkaistu: Cần Thơ Trường Đại học Y-Dược Cần Thơ 2005
Aiheet:
Tagit: Lisää tagi
Ei tageja, Lisää ensimmäinen tagi!
Thư viện lưu trữ: Trung tâm Học liệu Trường Đại học Cần Thơ
LEADER 01286nam a2200217Ia 4500
001 CTU_156489
008 210402s9999 xx 000 0 und d
082 |a 333.33 
082 |b Tr513 
110 |a Trung tâm Phát triển quỹ đất thành phố Cần Thơ 
245 0 |a Phương án nguyên tắc bồi thường, hỗ trợ và tái định cư : 
245 0 |b Dự án: xây dựng trường đại học Y-Dược Cần Thơ 
245 0 |c Trung tâm Phát triển quỹ đất thành phố Cần Thơ, Trường đại học Y-Dược Cần Thơ 
260 |a Cần Thơ 
260 |b Trường Đại học Y-Dược Cần Thơ 
260 |c 2005 
520 |a Giới thiệu những văn bản, quy định về phương án, nguyên tắc bồi thường, hỗ trợ và tái định cư. Định mức giá bồi thường các loại tài sản cho việc xây dựng trường Đại học Y-Dược Cần Thơ. 
650 |a Housing,Compensation (Law),Nhà ở,Sự đền bù 
650 |x Law and legislation,Lập pháp và pháp luật 
904 |i Năm 
980 |a Trung tâm Học liệu Trường Đại học Cần Thơ